000
003140000a22001450004500
003
MACL
040
_a
MACL
090
_c
6075
_d
6074
100
_a
Mehta, Rohit
245
_a
The Call of the Upanishads
260
_b
Motilal Banarsidass Publishers
_c
1970
350
_a
100
650
_a
Religion
942
_c
BOOK
_k
294
999
_c
6027
_d
6027